| 000 -LEADER |
| fixed length control field |
00455cam a22001457a 4500 |
| 008 - FIXED-LENGTH DATA ELEMENTS--GENERAL INFORMATION |
| fixed length control field |
180718b1987 xxu||||| |||| 00| 0 eng d |
| 082 ## - DEWEY DECIMAL CLASSIFICATION NUMBER |
| Classification number |
K12x54 Up1m |
| 100 ## - MAIN ENTRY--PERSONAL NAME |
| Personal name |
Upadhyaya, R.B. |
| 245 ## - TITLE STATEMENT |
| Title |
Management of conflict between generalist and specialist administrators in India |
| Statement of responsibility, etc. |
by R.B. Upadhyaya and K.C. Sharma |
| 260 ## - PUBLICATION, DISTRIBUTION, ETC. |
| Place of publication, distribution, etc. |
Jaipur |
| Name of publisher, distributor, etc. |
Shashi |
| Date of publication, distribution, etc. |
1987 |
| 300 ## - PHYSICAL DESCRIPTION |
| Extent |
238p. |
| 650 ## - SUBJECT ADDED ENTRY--TOPICAL TERM |
| Topical term or geographic name entry element |
Generalists |
| 650 ## - SUBJECT ADDED ENTRY--TOPICAL TERM |
| Topical term or geographic name entry element |
Civil service - India |
| 700 ## - ADDED ENTRY--PERSONAL NAME |
| Personal name |
Sharma, K.C. |